Adhesives from renewable resources (Record no. 3600)

000 -LEADER
fixed length control field 00842nam a2200253 a 4500
001 - CONTROL NUMBER
control field 3600
003 - CONTROL NUMBER IDENTIFIER
control field BD-DhUET
008 - FIXED-LENGTH DATA ELEMENTS--GENERAL INFORMATION
fixed length control field 881025s1989 dcua b 101 0 eng
020 ## - INTERNATIONAL STANDARD BOOK NUMBER
International Standard Book Number 0841215626
040 ## - CATALOGING SOURCE
Original cataloging agency DLC
Transcribing agency DLC
Modifying agency BD-DhUET
082 00 - DEWEY DECIMAL CLASSIFICATION NUMBER
Classification number 668.3
Item number HEM/1989
245 00 - TITLE STATEMENT
Title Adhesives from renewable resources
Statement of responsibility, etc. edited by Richard W. Hemingway, Anthony H. Conner and Susan J. Branham
250 ## - EDITION STATEMENT
Edition statement 1st ed.
260 ## - PUBLICATION, DISTRIBUTION, ETC. (IMPRINT)
Place of publication, distribution, etc. Washington, DC
Name of publisher, distributor, etc. American Chemical Society
Date of publication, distribution, etc. 1989
300 ## - PHYSICAL DESCRIPTION
Extent ix,510p.
Other physical details ill.
Dimensions 24 cm.
650 #0 - SUBJECT ADDED ENTRY--TOPICAL TERM
Topical term or geographic name as entry element Adhesives
650 #0 - SUBJECT ADDED ENTRY--TOPICAL TERM
Topical term or geographic name as entry element Renewable natural resources
700 ## - ADDED ENTRY--PERSONAL NAME
Personal name Hemingway, Richard W.
700 1# - ADDED ENTRY--PERSONAL NAME
Personal name Conner, Anthony H.
700 1# - ADDED ENTRY--PERSONAL NAME
Personal name Branham, Susan J.
942 ## - ADDED ENTRY ELEMENTS (KOHA)
Koha item type Edited Book
856 42 - ELECTRONIC LOCATION AND ACCESS
Uniform Resource Identifier http://www.loc.gov/catdir/enhancements/fy0603/88039293-d.html
856 41 - ELECTRONIC LOCATION AND ACCESS
Uniform Resource Identifier http://www.loc.gov/catdir/enhancements/fy0603/88039293-t.html
Holdings
Damaged status Koha full call number Sublocation or collection (holding branch) Not for loan Price effective from Copy number Source of classification or shelving scheme Piece designation (barcode) Koha normalized classification for sorting Date acquired Lost status Koha date last seen Withdrawn status Location (home branch) Shelving location Koha item type
 668.3/HEM/1989Central Library, BUET 2014-11-021 89079668_000000000000000_3HEM19892014-11-02 2017-12-17 Central Library, BUETCirculation sectionEdited Book